First ladies : (Record no. 33286)
[ view plain ]
| 000 -LEADER | |
|---|---|
| fixed length control field | 01115cam a2200337 a 4500 |
| 001 - CONTROL NUMBER | |
| control field | 2604514 |
| 003 - CONTROL NUMBER IDENTIFIER | |
| control field | OSt |
| 005 - DATE AND TIME OF LATEST TRANSACTION | |
| control field | 20140310184242.0 |
| 008 - FIXED-LENGTH DATA ELEMENTS--GENERAL INFORMATION | |
| fixed length control field | 970115s1997 nyua j 000 0ceng d |
| 010 ## - LIBRARY OF CONGRESS CONTROL NUMBER | |
| LC control number | 97137021 |
| 020 ## - INTERNATIONAL STANDARD BOOK NUMBER | |
| International Standard Book Number | 0590255185 |
| 035 ## - SYSTEM CONTROL NUMBER | |
| System control number | (OCoLC)36209907 |
| 040 ## - CATALOGING SOURCE | |
| Original cataloging agency | ODa |
| Transcribing agency | ODa |
| Modifying agency | MnSP |
| -- | CoD |
| -- | DLC |
| 042 ## - AUTHENTICATION CODE | |
| Authentication code | lccopycat |
| 043 ## - GEOGRAPHIC AREA CODE | |
| Geographic area code | n-us--- |
| 050 04 - LIBRARY OF CONGRESS CALL NUMBER | |
| Classification number | E 176.2 |
| Item number | .G65 2004 |
| 100 1# - MAIN ENTRY--PERSONAL NAME | |
| Personal name | Gormley, Beatrice. |
| 9 (RLIN) | 5680 |
| 245 10 - TITLE STATEMENT | |
| Title | First ladies : |
| Remainder of title | women who called the White House home / |
| Statement of responsibility, etc | Beatrice Gormley. |
| 260 ## - PUBLICATION, DISTRIBUTION, ETC. (IMPRINT) | |
| Place of publication, distribution, etc | New York : |
| Name of publisher, distributor, etc | Scholastic Inc., |
| Date of publication, distribution, etc | 2004. |
| 300 ## - PHYSICAL DESCRIPTION | |
| Extent | 96 p. : |
| Other physical details | ill. ; |
| Dimensions | 26 cm. |
| 521 ## - TARGET AUDIENCE NOTE | |
| Target audience note | |
| 526 ## - STUDY PROGRAM INFORMATION NOTE | |
| Reading level | 1040 |
| 650 #0 - SUBJECT ADDED ENTRY--TOPICAL TERM | |
| Topical term or geographic name as entry element | Presidents' spouses |
| Geographic subdivision | United States |
| General subdivision | Biography |
| -- | Juvenile literature. |
| 9 (RLIN) | 25962 |
| 856 42 - ELECTRONIC LOCATION AND ACCESS | |
| Materials specified | Publisher description |
| Uniform Resource Identifier | <a href="http://www.loc.gov/catdir/description/schol051/97137021.html">http://www.loc.gov/catdir/description/schol051/97137021.html</a> |
| 906 ## - LOCAL DATA ELEMENT F, LDF (RLIN) | |
| a | 7 |
| b | cbc |
| c | copycat |
| d | 2 |
| e | ncip |
| f | 19 |
| g | y-gencatlg |
| 942 ## - ADDED ENTRY ELEMENTS (KOHA) | |
| Source of classification or shelving scheme | Library of Congress Classification |
| Koha item type | |
| Withdrawn status | Lost status | Source of classification or shelving scheme | Damaged status | Home library | Current library | Shelving location | Date acquired | Total Checkouts | Full call number | Barcode | Date last seen | Copy number | Price effective from | Koha item type |
|---|---|---|---|---|---|---|---|---|---|---|---|---|---|---|
| Library of Congress Classification | Luxembourg Library | Luxembourg Library | Scholastic Reading Center Section | 04/11/2012 | E 176.2 .G65 2004 | LEX1526 | 04/18/2017 | 1 | 01/30/2014 | Books | ||||
| Library of Congress Classification | Luxembourg Library | Luxembourg Library | Scholastic Reading Center Section | 10/08/2013 | E 176.2 .G65 2004 | LEX1527 | 04/18/2017 | 2 | 10/08/2013 | Books | ||||
| Library of Congress Classification | Luxembourg Library | Luxembourg Library | Scholastic Reading Center Section | 10/14/2013 | E 176.2 .G65 2004 | SCHO0449 | 04/18/2017 | 1 | 10/14/2013 | Books |